00560nam a22001817a 450000500170000001000150001702000260003203500140005803700090007208200090008110000190009024500280010925000060013726000480014327001210019130000210031250000450033320260602105429.0 aENG-148690 a9789395481472c300.00 aEN-132222 bDBAD aS21 aPathak, Preeti aRaising/cPreeti Pathak a1 bVishwakarma Publicationsc2023aMaharashtra a34A/1, Suyog Center, 7th floor, Gultekedi Marketyard Road, Giridhar Bhavan Chowk, e411037bPuneminfo@vpindia.co.in a206p.c22cm (pb) aInspiring Stories of Growth & Resilience